000 00663nam a2200241 i 4500
001 13626
003 ES-MaACL
005 20240506191859.0
007 t|
008 960904s1996 sp ||||0| spa j
020 _a84-88617-07-0
040 _aM-BN
_bspa
_cM-BN
080 _a860-14"19"
100 1 _aRamírez Lozano, José A.
_995155
245 1 0 _aLetamía /
_cJosé A. Ramírez Lozano.
250 _a1ª ed.
260 _aRute, Córdoba :
_bAnfora nova,
_c1996.
300 _a43 p. ;
_c20 cm.
490 1 _aAnfora nova ;
_v10
830 0 _aÁnfora Nova
_v10
_9179301
852 _aES-MaACL
_jL-20939
_bR.125441
999 _c13626
_d13626